Biochémia

Bibliographic Details
Main Authors: Melcer, Imrich, 1927-1997 (Author), Melcerová, Anna, 1928-1997 (Author)
Format: Book
Language:Slovak
PhysicalDescription:231 s. sch., tab. 29 cm
Published: Zvolen VŠLD 1989
ISBN:8022800430
Edition:1. vyd.
Subjects:

MARC

LEADER 00000cam a2200000 a 4500
001 vtls001082821
003 SK-MaSNL
005 20260409075145.0
008 250414s1989 xo l frpn 000 0 slo
015 |a SNBA1989/04 
020 |a 8022800430  |q (brož.) 
035 |a SNK000025659 
040 |a SNK  |b slo  |c SNK  |e AACR2 
041 0 |a slo 
044 |a xo  |c SK 
072 7 |a 577  |x Biochémia. Molekulárna biológia. Biofyzika  |2 konspekt 
072 7 |a 37.016  |x Učebné osnovy. Vyučovacie predmety. Učebnice  |2 konspekt 
080 |a 577.1(075.8)  |2 1981 
080 |a 577.1  |2 2011 
080 |a (075.8)  |2 2011 
100 1 |a Melcer, Imrich,  |d 1927-1997  |4 aut  |9 170718 
245 1 0 |a Biochémia  |c Imrich Melcer, Anna Melcerová 
250 |a 1. vyd. 
260 |a Zvolen  |b VŠLD  |c 1989 
300 |a 231 s.  |b sch., tab.  |c 29 cm 
366 |e 600 výtl. 
504 |a Obsahuje bibliografiu 
650 0 7 |a biochémia  |2 SNKPH  |9 696 
655 7 |a učebnice vysokých škôl  |2 SNKPH  |9 70191 
700 1 |a Melcerová, Anna,  |d 1928-1997  |4 aut  |9 170721 
850 |a Slovenská národná knižnica 
852 |a Slovenská národná knižnica 
919 |a 80-228-0043-0 
954 |a odborná, vedecká literatúra pôvodná (slovenská)  |2 lita 
958 |a OND 
958 |a NB 
958 |a TL 
958 |a UV 
999 |c 614797  |d 616727 
952 |t P60, <04>, [BOOK], {604}  |a SNK  |b SNK  |y VYP  |7 0  |p 17A0151199  |o snkSB 45698 D1  |0 0  |1 0  |4 0  |d 1998-08-04  |l 0  |r 2004-12-31 00:00:00  |w 2026-02-23 
952 |a SNK  |b SNK  |y PREZ  |7 0  |p 17A0860402  |o snkSB 45698  |0 0  |1 0  |4 0  |d 2012-07-16  |f 1  |l 0  |r 2025-01-30 00:00:00  |w 2026-02-23